| 000 | 01085cam a2200241 4500 | ||
|---|---|---|---|
| 001 | ABS64179 | ||
| 008 | 000000n2001 000 0 eng u | ||
| 035 | _a(Sirsi) u113211 | ||
| 100 | _aHodges, B. | ||
| 245 | _aUrban land the key to sustainable strategy | ||
| 260 | _c2001 | ||
| 490 |
_aPlanning (for the Natural and Built Environment) _v(1421) 1 June 2001, 22(1) |
||
| 520 | _aReports on the weight being given by planning inspectors in planning appeals to the requirement, set out in PPG3, for local authorities to publish urban capacity studies before granting consent to develop greenfield sites for housing. This could result in additional pressure on the housing market, including a shortfall in affordable housing, as 50% of local authorities have yet to complete their studies. | ||
| 590 | _aABS | ||
| 650 | _aGREENFIELD SITES | ||
| 650 | _aHOUSING | ||
| 650 | _aHOUSING DEVELOPMENTS | ||
| 650 | _aPLANNING APPEALS | ||
| 650 | _aPPG3 | ||
| 650 | _aURBAN CAPACITY STUDIES | ||
| 690 | _aENVIRONMENTAL AND LAND CONSULTANCY-PLANNING AND DEVELOPMENT | ||
| 942 | _n0 | ||
| 999 |
_c67421 _d67421 |
||